00560nac a22001691u 4500020001500000082001900015090001500034100003400049245005200083260004800135300002900183500002000212650001600232942002100248999001500269952010600284 a8120314948 a669.069bM6976 c1025d1025 aMohanty, A. K.  aRate processing in metallurgy /cA. K. Mohanty. aNew Delhi :bPrentice-Hall of India,c2000. a464 p. :bill. ;c24 cm. aIncludes index. aMetallurgy. cBBk669.069M6976 c1025d1025 00104070aMAINbMAINc1STd2016-08-06ePurchasel0o669.069 MOHp000003479r2025-07-15 00:00:00yBB